000 00529nam a2200133Ia 4500
008 150610s9999 xx 000 0 und d
020 _a9789710090662
050 _a HG179
_b.R5 2010   
100 _aRoberto, Eduardo O.
245 _aAng pera na hindi bitin : 
_bhow to manage your money so God will entrust you with more /
_cEduardo O. Roberto, Jr. ; [illustrations by Roli Sabado].
260 _aManila : 
_bOMF Literature Inc.,
_c2010.
300 _a97pages :
_billustrations ;
_c18 cm.
520 _aFinance, Personal.
999 _c288179
_d288179